Thomas Mann 1875/1975

Guardado en:
Bibliografiske detaljer
Format: Bog
Sprog:Undetermined
Udgivet: München, Alemania Heinz Moos 1975
Fag:
Tags: Tilføj Tag
Ingen Tags, Vær først til at tagge denne postø!

MARC

LEADER 00000nam a2200000Ia 4500
008 170316s9999 xx 000 0 und d
040 |a cru BVZT 
090 |a 830 T-1.1t 
245 |a Thomas Mann 1875/1975 
260 |a München, Alemania  |b Heinz Moos  |c 1975 
300 |a 95 páginas 
650 |a LITERATURA ALEMANA 
999 |c 7437  |d 7437 
942 |c 15 D  |h 830 T-1.1t  |2 z